000 00293nam a2200109 4500
999 _c13530
_d13530
008 190328b ||||| |||| 00| 0 eng d
245 _aSafer Davao region.
260 _aDavao City
_bSun Star Davao
_cc2018
300 _apage 2.
650 0 _937803
_aCrimes- Security measures.
942 _2ddc
_cPER